00465 2200181 4500001002100000005001500021008004100036020002200077035001900099041000700118082000800125090001400133100002100147245003500168260002900203300001900232650003200251INLIS00000000001570820241224115003241224||||||||| | ||| |||| || |  a978-979-015-311-0 0010-1224015708 aid0 a574 a574 IST b0 aIstamar Syamsuri00aBIOLOGI 3B UNTUK SMA KELAS XII aJakartabErlangga.c2007 a136hlm;17x25cm 0aIlmu ilmu tentang kehidupan